000 00639nam a2200241 i 4500
001 C2-0304678
003 PPAK
005 20180728085823.0
008 100613s2010 my |||| ||||| | may d
020 _a9789675136542
040 _aPPAK
_beng
_cPPAK
_erda
082 0 4 _a808.87
_223
090 0 0 _a808.87
_bMAS
_dG
100 0 _aMasdalifadzlie M Saaid,
_eauthor
245 1 0 _a10 juta pulus
264 1 _aBatu Caves, Selangor :
_bPTS Fortuna ,
_c2010
300 _a216 pages ;
_c19 cm
336 _2rdacontent
_atext
337 _2rdamedia
_aunmediated
338 _2rdacarrier
_avolume
650 1 0 _aWit and humor.
942 _ddc
_cB
999 _c107800
_d107800